| 000 | 00483nam a2200181 a 4500 | ||
|---|---|---|---|
| 001 | 22126 | ||
| 005 | 20180713215959.0 | ||
| 008 | 140415s1981 mx 000 0 spa d | ||
| 020 | _a9686011110 | ||
| 041 | _aspa | ||
| 082 |
_a972 _bGOM |
||
| 100 | 1 | _aGOMEZ QUIÑONEZ, JUAN | |
| 245 | 1 | 0 | _aPORFIRIO DIAZ, LOS INTELECTUALES Y LA REVOLUCION |
| 250 | _a1a ed. | ||
| 260 |
_aMEXICO : _bEDICIONES EL CABALLITO, _c1981 |
||
| 300 | _a231 | ||
| 650 | 1 | 4 |
_aMEXICO _xHISTORIA |
| 999 |
_c22126 _d22126 |
||